• 首页
  • 本馆介绍
  • 公告通知
  • 最新文献
  • 馆藏检索
  • 电子资源
  • 读者导购
  • 参考咨询
  • 我的图书馆
  • 登录
  • 详细信息显示
  • 放入我的书架
  • 预约/预借图书
  • 作者相关作品
  • 分类相关作品
  • 丛书相关作品
  • 出版社相关作品

书目信息

  • 表格格式
  • 工作单格式
  • 卡片格式
题名:
人体胚胎学
    
 
作者: 宗铁生 主编
分册:  
出版信息: 北京   科学出版社  1987
页数: 481页
开本: 26cm
丛书名:
单 册:
中图分类: R321
科图分类:
主题词: 人体胚胎学
电子资源:
ISBN:
000 00613nam0 2200241 45
001 0187009798
005 20040524093933.7
010    @dCNY7.40
091    @a14031.106
100    @a19901007d1987 em y0chiy0121 ea
101 0  @achi
102    @aCN@b110000
105    @af z 001yy
106    @ar
200 10 @a人体胚胎学@Aren ti pei tai xue@f宗铁生主编
210    @a北京@c科学出版社@d1987
215    @a481页@c图@d26cm
606    @a人体胚胎学
690    @aR321@v3
701  0 @a宗铁生@Azong tie sheng@4主编
801  0 @aCN@b深圳图书馆@c20040524
801  2 @aCN@bNLC@c20040524
905    @f1@b203501@dR321@e33
    
    人体胚胎学/宗铁生主编.-北京:科学出版社,1987
    481页:图;26cm
    
    
    ISBN :CNY7.40
    
●
相关链接 在E读中查询图书 在五车中查询图书 在当当中查询图书 在豆瓣中查询图书


正题名:人体胚胎学     索取号:R321/33         预约/预借

序号 登录号 条形码 馆藏地/架位号 状态 备注
1 0203051   000713428   密集书库/ [索取号:R321/33] 在馆    
2 0203052   000713446   第二样本阅览室/ [索取号:R321/33] 在馆    
唐山师范学院图书馆 欢迎您!
大连网信软件有限公司© 版权所有